|
|
|
|
| LEADER |
00000nab a2200000 a 4500 |
| 001 |
vtls000277056 |
| 003 |
SK-MaSNL |
| 005 |
20260304225429.0 |
| 008 |
250422c1987 xo 0 slo |
| 015 |
|
|
|a SNBRB19rr/mm-uuuuu
|
| 035 |
|
|
|a CL0287174
|
| 035 |
|
|
|a urn:nbn:sk:snk-ab6yt7
|
| 035 |
|
|
|a (uuid)a653c2fd-d4c5-46cd-a54e-145afc609ff1
|
| 035 |
|
|
|a (urnnbn)urn:nbn:sk:snk:ar-a06bgs
|
| 035 |
|
|
|a (sysno)vtls000277056
|
| 040 |
|
|
|a SNKBUCL
|b slo
|c SNKBUCL
|e AACR2
|
| 041 |
0 |
|
|a eng
|
| 044 |
|
|
|a xo
|c SK
|
| 080 |
|
|
|a 546:504
|2 1981
|
| 080 |
|
|
|a 504
|2 1981
|
| 245 |
0 |
0 |
|a Environmental Carcinogens Selected Methods of Analysis. Some Metals: As, Be, Cd, Cr, Ni, Pb Se, Zn
|
| 650 |
0 |
7 |
|a karcinogény
|2 snkbucl
|9 16270
|
| 650 |
0 |
7 |
|a životné prostredie
|2 snkbucl
|9 786
|
| 655 |
|
7 |
|a články z novín a časopisov
|2 snkbucl
|9 267496
|
| 773 |
0 |
|
|t Neoplasma
|g Roč. 34, č. 1 (1987), s. 127-128
|
| 787 |
0 |
8 |
|i Rec.:
|a O Neill, I.K.
|t Environmental Carcinogens Selected Methods of Analysis. Some Metals: As, Be, Cd, Cr, Ni, Pb, Se, Zn
|d Lyon : Int. Agency for Research on Cancer, 1986
|
| 850 |
|
|
|a Slovenská národná knižnica
|
| 852 |
|
|
|a Slovenská národná knižnica
|
| 958 |
|
|
|a article27
|
| 958 |
|
|
|a RK
|
| 958 |
|
|
|a OND
|
| 958 |
|
|
|a EUIPO
|
| 992 |
|
|
|a RBX
|
| 999 |
|
|
|c 3177513
|d 3179443
|